Flexibilný prechod do dôchodku - metodológia integrácie generácií. /
Uložené v:
| Hlavný autor: | |
|---|---|
| Médium: | Kniha |
| Jazyk: | Slovak |
| Vydané: |
Bratislava :
Prognostický ústav SAV,
2001
|
| Vydanie: | 1. vyd. |
| Edícia: | Pracovné materiály
Č. 7. |
| Témy: | |
| ISBN: |
(brož.) |
| Fyzický popis: |
34 s. |
| Tagy: |
Pridať tag
Žiadne tagy, Buďte prvý kto otaguje tento záznam!
|
Titul je dostupný aj v ... 

MARC
| LEADER | 00000nam a2200000 a 4500 | ||
|---|---|---|---|
| 001 | 000076868 | ||
| 003 | SVKK | ||
| 005 | 20020219000000.0 | ||
| 008 | 020124s2001 xo e sloo | ||
| 020 | |a (brož.) | ||
| 040 | |a SVKKK |b slo |c SVKKK |e AACR2 | ||
| 041 | 0 | |a slo | |
| 044 | |a xo |c SK | ||
| 080 | |a 368.914 |2 1997 | ||
| 100 | 1 | |a Kostolanský, Rudolf |4 aut | |
| 245 | 1 | 0 | |a Flexibilný prechod do dôchodku - metodológia integrácie generácií. / |c Rudolf Kostolanský |
| 250 | |a 1. vyd. | ||
| 260 | |a Bratislava : |b Prognostický ústav SAV, |c 2001 | ||
| 300 | |a 34 s. | ||
| 440 | 0 | |a Pracovné materiály |v Č. 7. | |
| 504 | |a Resumé angl. | ||
| 653 | 0 | |a dôchodky |2 SVKKKPH | |
| 653 | 0 | |a prechody flexibilné |2 SVKKKPH | |
| 653 | 0 | |a štúdie |2 SVKKKPH | |
| 655 | 7 | |a výskumné správy |2 SVKKKPH | |
| 910 | |a svkkk | ||
| 974 | |a UH |d 20020214 | ||
| 974 | |a KL |d 20020204 | ||
| 974 | |a MI |d 20020219 | ||
| 998 | |a BK | ||
| 090 | |g SCKHL |k Sklad Hlavná 10 prízemie |a V.207858 |j 944156 |i 2720030213 |s Absenčne | ||